[Event "Zhukovsky Winter op"]
[Site "Zhukovsky"]
[Date "2014.??.??"]
[Round "6"]
[White "Dubrovin, Ivan"]
[Black "Chumurin, Aleksandr"]
[Result "0-1"]
[WhiteElo "1750"]
[BlackElo "1961"]
[PlyCount "120"]
[EventDate "2014.11.22"]
[EventType "swiss"]
[EventRounds "9"]
[EventCountry "RUS"]
[SourceTitle "EXT 2016"]
[Source "ChessBase"]
[SourceDate "2015.10.08"]
[SourceVersion "1"]
[SourceVersionDate "2015.10.08"]
[SourceQuality "1"]

1. e4 g6 2. d4 Bg7 3. Nc3 d6 4. Nf3 Nd7 5. Bc4 e5 6. dxe5 Nxe5 7. Bg5 Qd7 8. Nxe5 Bxe5 9. Qf3 f6 10. Bf4 Bxc3+ 11. Qxc3 Qg4 12. g3 Bd7 13. f3 Qh5 14. 0-0-0 Ne7 15. Be3 Qxf3 16. Rhf1 Qxe4 17. Rf4 Qc6 18. Qxf6 0-0-0 19. Bxa7 Rhe8 20. Qd4 Nf5 21. Qd3 Re5 22. Qb3 g5 23. Rf3 Rde8 24. Rfd3 b6 25. Bd5 Rxd5 26. Rxd5 Ne3 27. R5d4 Nxd1 28. Rc4 Qb5 29. Bxb6 Qxb3 30. Rxc7+ Kb8 31. cxb3 Bg4 32. Rc4 Rc8 33. a4 d5 34. Rxc8+ Kxc8 35. a5 Kb7 36. b4 Ka6 37. Bc5 Kb5 38. Kc2 Bf3 39. h3 h5 40. h4 gxh4 41. gxh4 Kc4 42. a6 d4 43. b3+ Kd5 44. a7 Ne3+ 45. Kd2 Ke5 46. b5 Be4 47. b6 Nf5 48. a8Q Bxa8 49. Kd3 Kd5 50. b4 Bb7 51. Bf8 Nxh4 52. Be7 Nf5 53. Bg5 h4 54. Bf4 Ba6+ 55. Kd2 Ke4 56. Bh2 Ng3 57. Kc2 d3+ 58. Kd2 Nf1+ 59. Kc3 Nxh2 60. b5 Bb7 0-1

[Event "Zhukovsky op"]
[Site "Zhukovsky"]
[Date "2014.??.??"]
[Round "8"]
[White "Smirnov, Yury Vladimirovic"]
[Black "Chumurin, Aleksandr"]
[Result "1/2-1/2"]
[WhiteElo "2095"]
[BlackElo "1961"]
[PlyCount "110"]
[EventDate "2014.08.08"]
[EventType "swiss"]
[EventRounds "9"]
[EventCountry "RUS"]
[SourceTitle "CBM 162 Extra"]
[Source "ChessBase"]
[SourceDate "2014.10.17"]
[SourceVersion "1"]
[SourceVersionDate "2014.10.17"]
[SourceQuality "1"]

1. e4 g6 2. d4 Bg7 3. f4 c5 4. c3 d5 5. e5 cxd4 6. cxd4 Nc6 7. Nc3 Nh6 8. Bb5 a6 9. Bxc6+ bxc6 10. Nf3 0-0 11. h3 Nf5 12. 0-0 c5 13. dxc5 d4 14. Na4 Bb7 15. Re1 d3 16. Be3 Bxf3 17. Qxf3 Nd4 18. Qe4 Nc2 19. Red1 Nxa1 20. Rxd3 Qa5 21. Rd1 Rab8 22. Bd2 Qd8 23. Nc3 Rxb2 24. Bc1 Qb8 25. Bxb2 Qxb2 26. Qe1 Qb4 27. Rxa1 Qxf4 28. Qe4 Qxe5 29. Qxe5 Bxe5 30. Rc1 Bxc3 31. Rxc3 Rc8 32. Kf1 Kf8 33. Ke2 Ke8 34. Kd3 Kd7 35. Kd4 Kc6 36. Kc4 e5 37. Rd3 e4 38. Rd6+ Kb7 39. Rb6+ Ka7 40. Rf6 Rc7 41. Kd4 Re7 42. Ke3 h5 43. g4 hxg4 44. hxg4 a5 45. g5 Kb7 46. Rf4 Kc6 47. Rxe4 Rxe4+ 48. Kxe4 Kxc5 49. Ke5 Kb4 50. Kf6 Ka3 51. Kxf7 Kxa2 52. Kxg6 Kb2 53. Kh7 a4 54. g6 a3 55. g7 a2 1/2-1/2

[Event "Zhukovsky op-B"]
[Site "Zhukovsky"]
[Date "2010.01.??"]
[Round "7"]
[White "Shvetzov, Mikhail"]
[Black "Chumurin, Aleksandr"]
[Result "1/2-1/2"]
[WhiteElo "1781"]
[BlackElo "1914"]
[PlyCount "140"]
[EventDate "2010.01.??"]
[EventType "swiss"]
[EventRounds "7"]
[EventCountry "RUS"]
[SourceTitle "EXT 2012"]
[Source "ChessBase"]
[SourceDate "2011.11.24"]
[SourceVersion "1"]
[SourceVersionDate "2011.11.24"]
[SourceQuality "1"]

1. e4 e5 2. f4 d6 3. Nf3 Bg4 4. Bc4 Nf6 5. fxe5 dxe5 6. Bxf7+ Kxf7 7. Nxe5+ Kg8 8. Nxg4 Nxe4 9. 0-0 Bc5+ 10. Kh1 h5 11. Ne3 Bxe3 12. Qf3 Nf2+ 13. Rxf2 Bxf2 14. Qxf2 Rh6 15. Nc3 Rf6 16. Qe2 Qe7 17. Qc4+ Kh8 18. Ne2 Nd7 19. Ng1 Qe1 20. b4 Ne5 21. Qd4 Ng4 22. h3 Qh4 23. Bb2 Rg6 24. Rf1 Rd8 25. Qf4 Qe7 26. hxg4 Rxg4 27. Qf2 Qe4 28. Nh3 Qxc2 29. Bc3 Qe4 30. Re1 Qg6 31. Re7 Qb1+ 32. Kh2 Qd3 33. Re3 Qd6+ 34. Kh1 Rf8 35. Rf3 Re8 36. Rf5 Qg6 37. Rf8+ Rxf8 38. Qxf8+ Kh7 39. Qf3 Rg3 40. Qf2 Qg4 41. Kh2 h4 42. a4 Rd3 43. a5 Rd5 44. Qf4 Qh5 45. Qxc7 Qg6 46. Qf4 Qd6 47. Qxd6 Rxd6 48. Nf4 g5 49. Ne2 Kg6 50. Kh3 Rd3+ 51. Kh2 Kf5 52. Nd4+ Kg6 53. Nf3 Rd5 54. Kh3 Kh5 55. Ne5 a6 56. Ng4 Rd3+ 57. Ne3 g4+ 58. Kh2 Kg5 59. g3 h3 60. Kg1 Rd7 61. Nf1 Rf7 62. Be5 Kf5 63. Bf4 Ke4 64. Ne3 Kf3 65. d4 Rf8 66. d5 Rc8 67. d6 Rc1+ 68. Kh2 Re1 69. Nc4 Re2+ 70. Kh1 Re1+ 1/2-1/2

[Event "Zhukovsky op"]
[Site "Zhukovsky"]
[Date "2010.??.??"]
[Round "4"]
[White "Chumurin, Aleksandr"]
[Black "Borzov, Roman"]
[Result "1/2-1/2"]
[WhiteElo "1894"]
[BlackElo "1985"]
[PlyCount "129"]
[EventDate "2010.05.14"]
[EventType "swiss"]
[EventRounds "9"]
[EventCountry "RUS"]
[SourceTitle "EXT 2011"]
[Source "ChessBase"]
[SourceDate "2010.11.26"]
[SourceVersion "1"]
[SourceVersionDate "2010.11.26"]
[SourceQuality "1"]

1. Nf3 f5 2. d4 Nf6 3. Nc3 e6 4. Bg5 Be7 5. Bxf6 Bxf6 6. e4 0-0 7. exf5 exf5 8. Bc4+ Kh8 9. 0-0 c6 10. d5 b5 11. Bb3 b4 12. Na4 Qa5 13. Re1 c5 14. Ne5 Bxe5 15. Rxe5 d6 16. Re7 Qd8 17. Qe1 Nd7 18. c3 Ne5 19. Rxe5 dxe5 20. Nxc5 bxc3 21. Qxc3 Qd6 22. Rd1 Bd7 23. Nxd7 Qxd7 24. Qxe5 Rae8 25. Qd4 Re4 26. Qc5 Rfe8 27. h3 f4 28. Qc6 Re1+ 29. Rxe1 Rxe1+ 30. Kh2 Qxc6 31. dxc6 Rc1 32. Bd5 Rc5 33. Bf3 Rc2 34. b3 Rxa2 35. Bd5 Ra5 36. b4 Ra1 37. b5 Rc1 38. Be6 a6 39. c7 Rxc7 40. bxa6 Rc6 41. a7 Ra6 42. Bd5 Rxa7 43. g3 fxg3+ 44. Kxg3 Ra5 45. Be4 Kg8 46. f3 h6 47. h4 Kf7 48. Bc6 Kf6 49. Bb7 Ra4 50. Bc6 Rb4 51. Ba8 g5 52. hxg5+ Kxg5 53. Bc6 h5 54. Ba8 h4+ 55. Kh3 Kf4 56. Be4 Rb6 57. Bd5 Rg6 58. Be4 Rg8 59. Bd5 Rg1 60. Be4 Kg5 61. Kh2 Rg3 62. Bc6 Kf4 63. Bb7 Ke3 64. Bd5 Kf2 65. Be4 1/2-1/2

[Event "Zhukovsky op"]
[Site "Zhukovsky"]
[Date "2010.??.??"]
[Round "2"]
[White "Chumurin, Aleksandr"]
[Black "Ibragimov, Ali"]
[Result "0-1"]
[WhiteElo "1894"]
[BlackElo "2094"]
[PlyCount "74"]
[EventDate "2010.05.14"]
[EventType "swiss"]
[EventRounds "9"]
[EventCountry "RUS"]
[SourceTitle "EXT 2011"]
[Source "ChessBase"]
[SourceDate "2010.11.26"]
[SourceVersion "1"]
[SourceVersionDate "2010.11.26"]
[SourceQuality "1"]

1. Nf3 g6 2. e4 Bg7 3. d4 c5 4. c3 cxd4 5. cxd4 d6 6. Bc4 Nf6 7. Nc3 0-0 8. 0-0 Nxe4 9. Nxe4 d5 10. Bd3 dxe4 11. Bxe4 Nd7 12. Re1 Nf6 13. Bg5 Nxe4 14. Rxe4 Be6 15. Qd2 Qd5 16. Rh4 f6 17. Bh6 Bxh6 18. Qxh6 Rf7 19. Re1 Bf5 20. Re3 Rc8 21. Ne1 Rg7 22. Rg3 g5 23. Rhh3 Rc1 24. Re3 Qa5 25. Qxg7+ Kxg7 26. Rxe7+ Kf8 27. Rhe3 Qb4 28. Re8+ Kf7 29. a3 Qxd4 30. R8e7+ Kg6 31. h3 Bd7 32. Kh2 Qf4+ 33. Kg1 Bc6 34. g3 Qf5 35. g4 Rxe1+ 36. Rxe1 Qf3 37. Kf1 Qd3+ 0-1

[Event "Zhukovsky op-A 05"]
[Site "Zhukovsky"]
[Date "2009.05.??"]
[Round "8"]
[White "Chumurin, Aleksandr"]
[Black "Klinko, Petr N"]
[Result "1-0"]
[WhiteElo "1897"]
[BlackElo "2080"]
[PlyCount "101"]
[EventDate "2009.05.??"]
[EventType "swiss"]
[EventRounds "9"]
[EventCountry "RUS"]
[SourceTitle "EXT 2012"]
[Source "ChessBase"]
[SourceDate "2011.11.24"]
[SourceVersion "1"]
[SourceVersionDate "2011.11.24"]
[SourceQuality "1"]

1. e4 e5 2. Nf3 Nc6 3. Nc3 Nf6 4. Bb5 d6 5. d4 Bd7 6. d5 Nb8 7. Bxd7+ Nbxd7 8. b4 Be7 9. Qd3 0-0 10. Ne2 c5 11. Ba3 b6 12. b5 Qc7 13. c4 a6 14. Nc3 a5 15. Bc1 h6 16. Nh4 Rfe8 17. Nf5 Bf8 18. g4 Nh7 19. h4 g6 20. Nxh6+ Bxh6 21. Bxh6 Ndf6 22. f3 a4 23. h5 Ra7 24. Ke2 a3 25. Rag1 Rea8 26. hxg6 fxg6 27. f4 exf4 28. e5 dxe5 29. Qxg6+ Kh8 30. Bg5 Ng8 31. Ne4 Qg7 32. Qxb6 Rf8 33. Bh6 Nxh6 34. Rxh6 f3+ 35. Kf2 Rb7 36. Qg6 Qxg6 37. Rxg6 Rf4 38. Nxc5 Rbf7 39. b6 Rxc4 40. b7 Rb4 41. Rc1 Rb2+ 42. Kf1 e4 43. Nxe4 Rbxb7 44. Nd6 Rbd7 45. Nxf7+ Rxf7 46. Kf2 Nf6 47. Rh1+ Nh7 48. Rgh6 Kg8 49. Rxh7 Rxh7 50. Rxh7 Kxh7 51. Kxf3 1-0